A history of Perak

Bibliographic Details
Main Author: Winstedt, R.O
Other Authors: Wilkinson, R.J
Format: Book
Published: Kuala Lumpur : MBRAS , 1974
Series:MBRAS reprint No.3
Subjects:

MARC

LEADER 00000cam a2200000 7i4500
001 0000002897
002 000003134
005 20000330.0
020 |a T000000285 
090 0 0 |a 959.51   |b WIN 
100 1 |a Winstedt, R.O 
245 1 2 |a A history of Perak   |c R.O. Winstedt and R.J. Wilkinson 
260 |a Kuala Lumpur :   |b MBRAS ,   |c 1974 
300 |a 226p. ;   |c 24m. 
490 0 |a MBRAS reprint No.3 
651 0 |a Perak   |x History 
700 1 |a Wilkinson, R.J 
999 |a 00069204   |b BUKU   |c MALAYSIANA   |e PERPUSTAKAAN KOMUNITI CAW KOTA DAMANSARA 
999 |a 036464   |b BUKU   |c MALAYSIANA   |e PERPUSTAKAAN KOMUNITI PETALING JAYA